Síntesis estadística de América Latina 1960 - 1980

Guardado en:
書目詳細資料
企業作者: CEPAL
格式: Texto
出版: San José: CEPAL
標簽: 添加標簽
沒有標簽, 成為第一個標記此記錄!

MARC

LEADER 00000 a a2200000 04500
001 22997
003
040
090 |a 157800  
110 |a CEPAL  
245 |a Síntesis estadística de América Latina 1960 - 1980  
260 |a San José:   |b CEPAL  
300 |a s. p   |b fonodiscos   |b map.  
999 |c 13850  |d 13850